Jean Renoir Filmography - Statistics

General Stats
  • This quiz has been taken 6 times
  • The average score is 38 of 113
Answer Stats
Type Year Name % Correct
Film Director | Film Screenplay 1937 The Grand Illusion
80%
Film Director | Film Production | Film Screenplay 1951 The River
80%
Film Acting Role | Film Director | Film Production | Film Screenplay 1939 The Rules of the Game
80%
Short Film Acting Role | Short Film Director | Short Film Screenplay 1946 A Day in the Country
60%
Film Director | Film Screenplay 1932 Boudu Saved from Drowning
60%
Film Director 1956 Elena and Her Men
60%
Film Director | Film Screenplay 1955 French Cancan
60%
Film Director | Film Editor | Film Production 1931 La Chienne
60%
Film Director | Film Editor | Film Production 1926 Nana
60%
Film Director 1941 Swamp Water
60%
TV Film Appearance | TV Film Director | TV Film Screenplay 1970 The Little Theatre of Jean Renoir
60%
Film Director | Film Screenplay 1945 The Southerner
60%
Film Director | Film Screenplay 1931 Baby's Laxative
40%
Film Cameo | Film Director | Film Screenplay 1938 La Bête Humaine
40%
Film Director | Film Production | Film Screenplay 1938 La Marseillaise
40%
Film Cameo | Film Director | Film Screenplay 1936 Life Is Ours
40%
Film Director | Film Screenplay 1932 Night at the Crossroads
40%
Film Director 1959 Picnic on the Grass
40%
Film Director | Film Production | Film Screenplay | Film Story 1936 The Crime of Monsieur Lange
40%
Film Director 1946 The Diary of a Chambermaid
40%
Film Director | Film Screenplay 1962 The Elusive Corporal
40%
Film Director | Film Screenplay | Film Story 1952 The Golden Coach
40%
Short Film Director | Short Film Production | Short Film Screenplay 1928 The Little Match Girl
40%
Film Director | Film Screenplay 1936 The Lower Depths
40%
Film Director | Film Screenplay 1947 The Woman on the Beach
40%
Film Director | Film Production | Film Screenplay 1943 This Land Is Mine
40%
Film Director | Film Screenplay 1935 Toni
40%
Film Director | Film Production 1925 Whirlpool of Fate
40%
Short Film Director | Short Film Screenplay 1944 A Salute to France
20%
TV Film Appearance | TV Film Director | TV Film Production | TV Film Screenplay 1959 Experiment in Evil
20%
Film Director 1929 Le Bled
20%
Film Director 1928 Le tournoi
20%
Film Director | Film Screenplay 1934 Madame Bovary
20%
Film Director | Film Editor 1927 Marquitta
20%
Film Director 1928 Tire au flanc
20%
Film Acting Role | Film Director | Film Editor | +2 others 1927 Une vie sans joie
20%
TV Documentary 1964 Auskunft über Jean Renoir
0%
Playwright 1973 Carola
0%
Film Director | Film Screenplay 1933 Chotard and Company
0%
Film Screenplay 1940 Cristobal's Gold
0%
Film Acting Role 1929 Diary of a Lost Girl
0%
Documentary Mini-Series 1961 Jean Renoir - Parle de son art
0%
TV Documentary 1993 Jean Renoir: Part One - From La Belle Époque to World War II
0%
TV Documentary 1993 Jean Renoir: Part Two - Hollywood and Beyond
0%
Short Film Cameo 1927 La p'tite Lili
0%
Film Acting Role | Film Production | Film Screenplay 1930 Little Red Riding Hood
0%
Film Cameo 1931 Mam'zelle Nitouche
0%
TV Documentary 2017 Quand Jean devint Renoir
0%
TV Documentary 1999 Renoir à Hollywood
0%
Short Documentary 2015 Renoir at Work
0%
TV Documentary 2005 Renoir(s) en suivant les fils de l'eau
0%
Short Film Acting Role | Short Film Director 1927 Sur un air de Charleston
0%
Film Director 1943 The Amazing Mrs. Holliday
0%
Film Acting Role | Film Director | Film Screenplay 1962 The Flower and the Violence
0%
Short Film Acting Role 1930 The Pursuit of Happiness
0%
Film Acting Role 1937 The Spanish Earth
0%
Film Director | Film Screenplay 1941 Tosca
0%
No matching quizzes found
Score Distribution
Percent of People with Each Score
Percentile by Number Answered
Your Score History
You have not taken this quiz